000 01459naa a22003857a 4500
001 BR7405385
003 BR-BrBNA
005 20240918173615.0
007 ta
008 230509b bl.||||| |||| 00| 0 por d
040 _aBR-BrBNA
_bpor
_cBiblioteca Nacional de Agricultura
041 _a(Pt)
072 _aL30; L00
_b5214
_b9410
_b0120
_b9343
_b1540
090 _aL30 BR7405385
100 1 _aRibeiro, P.J.
100 1 _aMoreira, H.A.
100 1 _aVilela, H.
100 1 _aSilva, T.
111 1 _a11. Reuniao da Sociedade Brasileira de Zootecnia
_cFortaleza, CE (Brazil)
_d22 Jul 1974
245 1 _aSubstituicao parcial do milho pelo melaco desidratado ou raspa de mandioca, para producao de leite [Zea mays; Manihot esculenta; Gado leiteiro; Gado holandes; Nutricao animal]
260 3 _aFortaleza, CE (Brasil):
_bUniversidade Federal do Ceara,
_c1974.
500 _aAnais da 11. Reuniao da Sociedade Brasileira de Zootecnia Fortaleza, CE (Brasil): Universidade Federal do Ceara, 1974. p. 70-71 (BR7405385-AM)L30
650 _aNutricao animal
650 _aProducao animal
650 _aGado leiteiro
650 _aLeite
650 _aMelaco
650 _aMandioca
650 _aRaspa
650 _aMilho
650 _aProducao leiteira
773 0 _tAnais da 11. Reuniao da Sociedade Brasileira de Zootecnia
_wL30 BR7405385
_gFortaleza, CE (Brasil), 1974. p. 70-71
909 _a202404
_bLucia
_c55
_dLucia Elande
942 _cAM
_2AGRIS
999 _c305721
_d305721